Prof. G Ram Reddy Library

Dipavamsa (Record no. 100769)

MARC details
000 -LEADER
fixed length control field 00558nam a2200193Ia 4500
003 - CONTROL NUMBER IDENTIFIER
control field LDD
008 - FIXED-LENGTH DATA ELEMENTS--GENERAL INFORMATION
fixed length control field 181029s9999 xx 000 0 und d
020 ## - INTERNATIONAL STANDARD BOOK NUMBER
International Standard Book Number 812060217X
Terms of availability 395.00
040 ## - CATALOGING SOURCE
Transcribing agency LDD
100 ## - MAIN ENTRY--PERSONAL NAME
Personal name Oldenberg, Hermann
245 #0 - TITLE STATEMENT
Title Dipavamsa
Remainder of title an ancient Buddhist historical record
Statement of responsibility, etc. Hermann Oldenberg
260 ## - PUBLICATION, DISTRIBUTION, ETC.
Place of publication, distribution, etc. New Delhi
Name of publisher, distributor, etc. AES
Date of publication, distribution, etc. 2006
300 ## - PHYSICAL DESCRIPTION
Extent 227
365 ## - TRADE PRICE
Price amount 395.00
901 ## - LOCAL DATA ELEMENT A, LDA (RLIN)
a 8376
b 23-01-2012
902 ## - LOCAL DATA ELEMENT B, LDB (RLIN)
a AES/A-0487
b 27-01-2012
c F
d AES
e 95
903 ## - LOCAL DATA ELEMENT C, LDC (RLIN)
a Discount-15
b Reqst by : Sangeeta Pandey
942 ## - ADDED ENTRY ELEMENTS (KOHA)
Source of classification or shelving scheme Dewey Decimal Classification
Koha item type Books
Holdings
Withdrawn status Lost status Source of classification or shelving scheme Damaged status Not for loan Home library Current library Total Checkouts Full call number Barcode Date last seen Price effective from Koha item type
No   Dewey Decimal Classification     Library and Documentation Division Library and Documentation Division   294.385 Ol17D 084103 11/01/2018 11/01/2018 Books

© Prof. G Ram Reddy Centre Library, Indira Gandhi National Open University, Maidan Garhi, New Delhi, 110068
+91-011-29532797 | FAX+91-011-29533393 |